000 00302nam a2200133Ia 4500
005 20251222152026.0
008 251222s9999||||xx |||||||||||||| ||spa||
082 _a635/A46
100 _aAlsina Grau, Luis
245 0 _aHorticultura general
250 _a1ra.ed.
264 _bGrafipel
942 _cLIB
999 _c25464
_d25464